<?xml version="1.0" encoding="UTF-8"?><?xml-stylesheet type="text/xsl" href="static/style.xsl"?><OAI-PMH xmlns="http://www.openarchives.org/OAI/2.0/" xmlns:xsi="http://www.w3.org/2001/XMLSchema-instance" xsi:schemaLocation="http://www.openarchives.org/OAI/2.0/ http://www.openarchives.org/OAI/2.0/OAI-PMH.xsd"><responseDate>2026-06-06T05:00:16Z</responseDate><request verb="GetRecord" identifier="oai:riuma.uma.es:10630/31816" metadataPrefix="marc">https://riuma.uma.es/rest/oai/request</request><GetRecord><record><header><identifier>oai:riuma.uma.es:10630/31816</identifier><datestamp>2026-02-03T10:56:43Z</datestamp><setSpec>com_10630_2254</setSpec><setSpec>col_10630_37953</setSpec></header><metadata><record xmlns="http://www.loc.gov/MARC21/slim" xmlns:dcterms="http://purl.org/dc/terms/" xmlns:doc="http://www.lyncode.com/xoai" xmlns:xsi="http://www.w3.org/2001/XMLSchema-instance" xsi:schemaLocation="http://www.loc.gov/MARC21/slim http://www.loc.gov/standards/marcxml/schema/MARC21slim.xsd">
   <leader>00925njm 22002777a 4500</leader>
   <datafield ind2=" " ind1=" " tag="042">
      <subfield code="a">dc</subfield>
   </datafield>
   <datafield ind2=" " ind1=" " tag="720">
      <subfield code="a">Becerra-Vicario, Rafael</subfield>
      <subfield code="e">author</subfield>
   </datafield>
   <datafield ind2=" " ind1=" " tag="720">
      <subfield code="a">León-Gómez, Ana María</subfield>
      <subfield code="e">author</subfield>
   </datafield>
   <datafield ind2=" " ind1=" " tag="260">
      <subfield code="c">2020-09-17</subfield>
   </datafield>
   <datafield ind2=" " ind1=" " tag="520">
      <subfield code="a">Esta  investigación  tiene  por  objetivo  analizar  las  prácticas  responsables  desarrolladas  por  entidades  financieras,  referidas  a  la  responsabilidad  social corporativa (RSC), y determinar si el grado de intensidad en la ejecución de esas políticas responsables está relacionado con el tamaño o la solvencia de estas. Desde  un  enfoque  positivista,  a  través  de  los  principales  estándares  de  medición de la RSC, se realizó la validación de algunas hipótesis basadas en un análisis previo de carácter empírico. Se utilizó una muestra de entidades financieras para comprender cuál es el grado de compromiso de las grandes empresas financieras con sus stakeholders, con el medioambiente y con la sociedad en general.</subfield>
   </datafield>
   <datafield ind1="8" ind2=" " tag="024">
      <subfield code="a">Becerra-Vicario, R., &amp; León-Gómez, A. (2020). Responsabilidad social corporativa en las entidades financieras españolas. Revista Activos, 18(1), 39-75. https://doi.org/10.15332/25005278/6154</subfield>
   </datafield>
   <datafield ind1="8" ind2=" " tag="024">
      <subfield code="a">0124-5805</subfield>
   </datafield>
   <datafield ind1="8" ind2=" " tag="024">
      <subfield code="a">https://hdl.handle.net/10630/31816</subfield>
   </datafield>
   <datafield ind1="8" ind2=" " tag="024">
      <subfield code="a">10.15332/25005278/6154</subfield>
   </datafield>
   <datafield tag="653" ind2=" " ind1=" ">
      <subfield code="a">Responsabilidad social de la empresa</subfield>
   </datafield>
   <datafield tag="653" ind2=" " ind1=" ">
      <subfield code="a">Empresas - Finanzas</subfield>
   </datafield>
   <datafield ind2="0" ind1="0" tag="245">
      <subfield code="a">Responsabilidad social corporativa en las entidades financieras españolas.</subfield>
   </datafield>
</record>
</metadata></record></GetRecord></OAI-PMH>